LABORATORY MANUAL OF PHARMACEUTICAL ENGINEERING (Record no. 5861)

MARC details
000 -LEADER
fixed length control field 00403nam a22001457a 4500
005 - DATE AND TIME OF LATEST TRANSACTION
control field 20240108142314.0
008 - FIXED-LENGTH DATA ELEMENTS--GENERAL INFORMATION
fixed length control field 190527b xxu||||| |||| 00| 0 eng d
020 ## - INTERNATIONAL STANDARD BOOK NUMBER
ISBN 978-93-82442-29-7
041 ## - LANGUAGE CODE
Language code of text/sound track or separate title eng
100 ## - MAIN ENTRY--AUTHOR NAME
Personal name SAKARKAR, DR. DINESH. M. AND SUDKE, SURESH. G.
245 ## - TITLE STATEMENT
Title LABORATORY MANUAL OF PHARMACEUTICAL ENGINEERING
260 ## - PUBLICATION, DISTRIBUTION, ETC. (IMPRINT)
Place of publication PUNE
Name of publisher NIRALI PRAKASHAN
300 ## - PHYSICAL DESCRIPTION
Number of Pages G.7 .
942 ## - ADDED ENTRY ELEMENTS (KOHA)
Koha item type Books
Holdings
Lost status Damaged status Collection code Home library Current library Shelving location Date acquired Source of acquisition Cost, normal purchase price Full call number Accession Number Koha item type
    Reference JRU Library JRU Library SHELF-5-D 27/05/2019 PURCHESS 150.00 615.19 22765 Books
    PHARMACY JRU Library JRU Library Shelf - 27- E 27/05/2019 PURCHESS 150.00 615.19 22766 Books
    PHARMACY JRU Library JRU Library Shelf - 27- E 27/05/2019 PURCHESS 150.00 615.19 22767 Books